00641nam a2200169Ia 4500001001000000003000500010008004100015010001100056040000900067100003200076245016600108260003200274300001000306502005600316650001600372710008300388Para_5769CHAP220125s1981 xx 000 0 und d a204264 cCHAP aEquihua Martínez, Armando aReconocimiento de especies de los géneros Hylastes e Hilurgops (Coleopteras :bScalytidae) presentes en el Valle de México /c por Armando Equihua Martínez aUruapan, Mich. :b el autor a71 h. aTesis (Ing. Agr.) UMSNH. Facultad de Agrobiología aColeopteros aUniversidad Michoacana de San Nicolás de Hidalgo. Facultad de Agrobiología